[Event "34th Barbera del Valles"]
[Site "Barbera del Valles ESP"]
[Date "2011.07.04"]
[Round "1"]
[White "Peralta,Fe"]
[Black "Thompson,I"]
[Result "1-0"]
[WhiteElo "2601"]
[BlackElo "2274"]

1.d4 d5 2.c4 e6 3.Nc3 c6 4.Nf3 Nf6 5.e3 Nbd7 6.Bd3 dxc4 7.Bxc4 b5 8.Bd3 Bd6
9.O-O O-O 10.Bd2 Bb7 11.Rc1 Qe7 12.Ng5 Rfd8 13.f4 h6 14.Nge4 Bc7 15.Nxf6+ Nxf6
16.Ne4 Bb6 17.Qe2 Nxe4 18.Bxe4 Qd6 19.Rc2 f5 20.Bf3 g5 21.g3 gxf4 22.gxf4 Rd7
23.Kh1 Rg7 24.Rcc1 Kh7 25.Rg1 Rag8 26.b4 Qd7 27.Qf2 Bd8 28.Rg3 Bf6 29.Rcg1 Qe7
30.Bc3 Qe8 31.Qg2 Rxg3 32.hxg3 Qg6 33.e4 Rd8 34.e5 Be7 35.Qh3 Rg8 36.Kh2 Qg7
37.g4 Qf7 38.g5 Bf8 39.g6+ Rxg6 40.Bh5  1-0

[Event "13th Mahalla Open"]
[Site "El-Mahalla El-Kubra EGY"]
[Date "2011.07.04"]
[Round "1"]
[White "Amin,A"]
[Black "Abdel Fatah,Mohamed Hamed"]
[Result "1-0"]
[WhiteElo "2280"]
[BlackElo "1999"]

1.d4 Nf6 2.Nf3 e6 3.c4 d5 4.Nc3 c6 5.e3 Nbd7 6.Bd3 dxc4 7.Bxc4 b5 8.Bd3 Bb7
9.O-O a6 10.e4 c5 11.e5 Nd5 12.Qe2 Rc8 13.a4 c4 14.Bc2 b4 15.Ne4 h6 16.b3 c3
17.Ne1 Qb6 18.Be3 a5 19.Nd3 Nxe3 20.Qxe3 Be7 21.Rad1 Bxe4 22.Qxe4 Qc6 23.Qg4 g6
24.Nf4 h5 25.Qe2 Nb6 26.Be4 Nd5 27.Nxd5 exd5 28.Bd3 O-O 29.f4 Kg7 30.f5 Bg5
31.Bc2 Qb6 32.Kh1 Bd2 33.f6+ Kh6 34.Qd3 Qe6 35.h3 Rh8 36.Rf3 h4 37.Qf1 Kh7
38.g3 hxg3 39.Rxg3 Qb6 40.Qd3 Kg8 41.Rxg6+ Kf8 42.Rg7 Qe6 43.Rh7 Rg8 44.Rg1 Rxg1+
45.Kxg1 Ke8 46.Qf3 Kd8 47.Kg2 Kc7 48.Bf5 Rg8+ 49.Rg7 Rxg7+ 50.fxg7 Qe8  1-0

[Event "1st ch-CHN Rapid w Prelim"]
[Site "Hefei CHN"]
[Date "2011.07.04"]
[Round "5.6"]
[White "Li Xueyi"]
[Black "Yu Moqi"]
[Result "0-1"]
[WhiteElo "2082"]
[BlackElo "2106"]

1.d4 d5 2.c4 c6 3.Nc3 Nf6 4.Nf3 e6 5.e3 Nbd7 6.Qc2 Bd6 7.g4 h6 8.h3 Qc7 9.Rg1 b6
10.g5 hxg5 11.Nxg5 Rf8 12.Bd3 dxc4 13.Bxc4 Nd5 14.Bxd5 cxd5 15.Nh7 Rg8 16.Qa4 Ke7
17.Bd2 Qc4 18.Qxc4 dxc4 19.Nb5 f6 20.Nxd6 Kxd6 21.Bb4+ Kd5 22.Rg6 a5 23.Bc3 b5
24.a3 Bb7 25.Ke2 Bc6 26.Rag1 Rgb8 27.Rxg7 b4 28.Be1 bxa3 29.bxa3 Rb2+ 30.Kf1 Rb3
31.f3 c3 32.Nxf6+ Nxf6 33.R1g5+ Kc4 34.Rc5+ Kd3 35.Rxc6 Nd5 36.f4 Nxe3+ 37.Kg1 c2
38.Rg3 Ke2 39.Rxc2+ Nxc2 40.Rxb3 Kxe1 41.Kg2 Nxd4 42.Rd3 Rg8+ 43.Kh2 Nf5
44.Rb3 Kf1 45.Rb2 Rg3 46.Rb1+ Kf2 47.h4 Rxa3 48.h5 Kf3 49.Rf1+ Kg4 50.Re1 Ra2+
51.Kg1 Kxh5 52.Rxe6 Kg4 53.Re4 a4 54.Kf1 Kf3  0-1

[Event "1st ch-CHN Rapid w Prelim"]
[Site "Hefei CHN"]
[Date "2011.07.04"]
[Round "6.7"]
[White "Wang Doudou"]
[Black "Li Xueyi"]
[Result "1/2-1/2"]
[WhiteElo "2193"]
[BlackElo "2082"]

1.d4 d5 2.c4 c6 3.Nc3 Nf6 4.Nf3 e6 5.e3 Nbd7 6.b3 Bd6 7.Bb2 O-O 8.Be2 Qe7
9.Qc2 a6 10.a4 b6 11.O-O Bb7 12.Rad1 Rac8 13.Qb1 dxc4 14.bxc4 c5 15.d5 exd5
16.cxd5 Ne5 17.Rfe1 Qc7 18.g3 Rcd8 19.Nxe5 Bxe5 20.e4 h5 21.Bf3 h4 22.Ne2 Nd7
23.Bg2 c4 24.f4 Bxb2 25.Qxb2 Nc5 26.Qa3 Nd3 27.Rf1 b5 28.Nc1 Qb6+ 29.Kh1 Nf2+
30.Rxf2 Qxf2 31.Qc3 hxg3 32.Rf1 Qb6 33.Qxg3 Qg6 34.Qc3 Rfe8 35.Qd4 Qh6 36.Na2 Bc8
37.Qc3 Bg4 38.Nb4 Qg6 39.Nc6 Rc8 40.axb5 Rxe4 41.Ne5 Rxe5 42.fxe5 axb5 43.d6 Bd7
44.Bd5 Bc6 45.Qf3 Bxd5 46.Qxd5 Qe6 47.Qxb5 c3 48.Qd3 Qd7 49.Rc1 Qc6+ 50.Kg1 Qc5+
51.Kg2 Qxe5 52.d7 Rd8 53.Rxc3 Qg5+ 54.Kf2 Qf6+ 55.Kg2 Qg5+ 56.Kf2 Qf6+ 57.Kg2 Qg5+
58.Kh1 Qg4 59.Rc7 g6 60.h3 Qe6 61.Kg2 Kh7 62.Ra7 Qc6+ 63.Kg3 Qb6 64.Ra4 Qc7+
65.Kg2 Rxd7 66.Rh4+ Kg8 67.Rd4 Qb7+ 68.Kg3 Qb8+ 69.Kf3 Qb7+ 70.Kg3 Qb8+ 71.Kf3 Qb7+
72.Kg3 Qc7+ 73.Kf3 Qc6+ 74.Kg3 Qc7+ 75.Kf3 Qb7+ 76.Kg3 Re7 77.Rd8+ Kg7 78.Qc3+ f6
79.Rd6 Rf7 80.Rc6 Qb8+ 81.Kg2 Qe5 82.Qxe5 fxe5 83.Kg3 Rf6 84.Rc7+ Kh6 85.Re7 Rf5
86.h4 g5 87.hxg5+ Kxg5 88.Re8 Kg6 89.Kg4 Rf4+ 90.Kg3 Rf5 91.Kg4 Rf4+ 92.Kg3 Rf5
93.Kg4 Rg5+ 94.Kf3 Kf5 95.Rf8+ Ke6 96.Ke4 Rg4+ 97.Ke3 Ra4 98.Re8+ Kd6 99.Rd8+ Ke7
100.Rh8 Kf6 101.Rf8+ Ke6 102.Re8+ Kd5 103.Rd8+  1/2-1/2

[Event "Karvina Open"]
[Site "Karvina CZE"]
[Date "2011.07.04"]
[Round "3.8"]
[White "Dmitrenko,V"]
[Black "Foltyn,L"]
[Result "1/2-1/2"]
[WhiteElo "2353"]
[BlackElo "2026"]

1.d4 d5 2.Nf3 Nf6 3.c4 c6 4.Nc3 e6 5.e3 Nbd7 6.Qc2 Bd6 7.Bd2 a6 8.e4 Nxe4
9.Nxe4 dxe4 10.Qxe4 Nf6 11.Qh4 c5 12.Bc3 Be7 13.Qf4 cxd4 14.Nxd4 O-O 15.Be2 Bd6
16.Qh4 e5 17.Nf3 Qc7 18.O-O Re8 19.Rad1 Bf5 20.Nd2 a5 21.a3 a4 22.Rfe1 Rad8
23.Bf3 h6 24.Nf1 Kh7 25.c5 Qxc5 26.Qxa4 b5 27.Qb3 Be6 28.Qc2+ Kg8 29.Ne3 Bb8
30.Rxd8 Rxd8 31.Ba5 Qxc2 32.Nxc2 Rc8 33.Ne3 e4 34.Be2 Be5 35.Bxb5 Bxb2 36.a4 Bd4
37.h3 Bb3 38.Nf5 Bc5 39.Bb6 Kh7 40.Bxc5 Rxc5 41.Ne3 Be6 42.Ra1 Nd5 43.Nxd5 Bxd5
44.Bf1 Ra5 45.Bb5 Kg6 46.Kf1 Kf6 47.Ke2 Ke5 48.Kd2 Kd4 49.g4 g6 50.h4 Be6
51.g5  1/2-1/2

[Event "TCh-TUR 2011"]
[Site "Konya TUR"]
[Date "2011.07.04"]
[Round "8"]
[White "Kazimova,N"]
[Black "Ushenina,A"]
[Result "0-1"]
[WhiteElo "2262"]
[BlackElo "2468"]

1.d4 d5 2.c4 e6 3.Nc3 Nf6 4.Nf3 c6 5.e3 Nbd7 6.Qc2 b6 7.b3 Bb7 8.Bb2 Bd6
9.Be2 O-O 10.O-O Qe7 11.e4 Nxe4 12.Nxe4 dxe4 13.Qxe4 f5 14.Qc2 c5 15.Rad1 Rad8
16.Rfe1 Be4 17.Qc1 Nf6 18.dxc5 Bxc5 19.Ne5 Bd6 20.Bf1 Qc7 21.Qc3 Bb7 22.f3 Bc5+
23.Kh1 Bf2 24.Rxd8 Rxd8 25.Re2 Bd4 26.Qe1 Bxb2 27.Rxb2 Be4 28.Ng4 Nxg4 29.fxg4 Qe5
30.Re2 Rd4 31.gxf5 exf5 32.Qf2 Qd6 33.h3 h6 34.Re1 Kh8 35.Kg1 a5 36.Re2 Bb1
37.Re8+ Kh7 38.Re1 Be4 39.Kh1 Qe5 40.Kg1 Rd6 41.Qe3 Qb2 42.Qf2 Qc3 43.Re3 Qb4
44.Qe1 Qc5 45.Kh2 Rd4 46.Qg3 Rd1 47.Re1 Rd2 48.Re2 Rd3 49.Qf4 Qd4 50.Re1 Rd2
51.Be2 Qb2 52.Qf1 Qxa2 53.Bf3 Rf2 54.Re2 Qxe2 55.Qxe2 Rxe2 56.Bxe2 Bc2  0-1

[Event "Krapina Open"]
[Site "Krapina CRO"]
[Date "2011.07.04"]
[Round "3.6"]
[White "Kerman,J"]
[Black "Svrtan,Z"]
[Result "0-1"]
[WhiteElo "1761"]
[BlackElo "2046"]

1.d4 Nf6 2.c4 e6 3.Nc3 d5 4.e3 c6 5.Nf3 Bd6 6.c5 Bc7 7.g3 Nbd7 8.b4 e5 9.Nxe5 Nxe5
10.dxe5 Bxe5 11.Bb2 O-O 12.Bg2 Re8 13.O-O Bf5 14.Qb3 Bd3 15.Rfd1 Bc4 16.Qc2 Qe7
17.Ne2 Bxb2 18.Qxb2 Ng4 19.Nd4 g6 20.Rd2 h5 21.h3 Ne5 22.Qc3 a5 23.a3 Ra7
24.Bf1 Rea8 25.Bxc4 axb4 26.Qxb4 Nxc4 27.Rda2 Ra4 28.Qb3 R8a7 29.Kg2 Qxc5
30.Nc2 Qe7 31.Nd4 h4 32.g4 Qe4+ 33.Kg1 Ne5 34.Qd1 c5 35.Nb5 Nf3+ 36.Kf1 R7a6
37.Nc3 Qc4+ 38.Kg2 Qxc3 39.Kxf3 Qe5 40.Qb1 d4 41.Qxb7 dxe3 42.fxe3 Rf6+ 43.Ke2 Qh2+
44.Kd3 Rd6+ 45.Kc3 Qe5+ 46.Kb3 Raa6 47.Qf3 Rd3+ 48.Kc4 Qc3+ 49.Kb5 Qa5+ 50.Kc4 Rc3+
51.Kd5 Qd8+  0-1

[Event "ch-NOR"]
[Site "Oslo NOR"]
[Date "2011.07.04"]
[Round "3"]
[White "Smith,Ax"]
[Black "Tjolsen,K"]
[Result "1-0"]
[WhiteElo "2465"]
[BlackElo "2225"]

1.c4 c6 2.Nc3 d5 3.d4 Nf6 4.e3 e6 5.Nf3 Nbd7 6.Qc2 Bd6 7.Bd3 O-O 8.O-O h6
9.Re1 b6 10.Bd2 Qe7 11.cxd5 cxd5 12.Nb5 Ba6 13.Nxd6 Bxd3 14.Qxd3 Qxd6 15.Rec1 Rac8
16.Qa6 Qb8 17.Ne1 Ng4 18.g3 Qa8 19.Nd3 Ngf6 20.b3 Rfd8 21.Bb4 Re8 22.f3 Rxc1+
23.Rxc1 Nb8 24.Qa4 Qb7 25.Bd6 a5 26.Qb5 Na6 27.Rc6 Nd7 28.Nc5 Naxc5 29.dxc5 Rc8
30.Rxc8+ Qxc8 31.c6 Nb8 32.c7 Nd7 33.Qc6 Kh8 34.f4 Kg8 35.a4 Kh7 36.Be5 Kg8
37.Bd4 Kh7 38.Bxb6 e5 39.Bxa5 exf4 40.exf4 Nf6 41.b4 d4 42.Qc2+ g6 43.b5 Ng4
44.b6 Ne3 45.b7 Qxb7 46.c8=Q Qf3 47.Qf2  1-0

[Event "ch-BEL Open"]
[Site "Antwerp BEL"]
[Date "2011.07.05"]
[Round "4.13"]
[White "Penson,T"]
[Black "Lambert,Luc"]
[Result "1-0"]
[WhiteElo "2224"]
[BlackElo "1943"]

1.d4 d5 2.Nf3 Nf6 3.c4 c6 4.Nc3 e6 5.e3 Nbd7 6.Bd3 dxc4 7.Bxc4 b5 8.Bb3 b4
9.Ne2 Bb7 10.O-O c5 11.Ng3 Rc8 12.Qe2 Be7 13.Rd1 Qb6 14.e4 cxd4 15.Nxd4 O-O
16.Be3 Bc5 17.Rd2 Rfd8 18.Rad1 Ba6 19.Qe1 Nf8 20.h3 Rd7 21.Ba4 Rdc7 22.Bf4 Re7
23.Nb3 e5 24.Bg5 Ne6 25.Bxf6 gxf6 26.Nf5 Rec7 27.Bd7 Rf8 28.Nxc5 Qxc5 29.Rd6 Bc8
30.Ne7+ Kh8 31.Nxc8 Rfxc8 32.Bxc8 Rxc8 33.Qd2 Kg7 34.Qe2 Rg8 35.Qf3 Nf4 36.g3 Ne6
37.Rxe6  1-0

[Event "XXXIV Open"]
[Site "Barbera del Valles ESP"]
[Date "2011.07.05"]
[Round "2"]
[White "Arizmendi Martinez,J"]
[Black "Gomez Jurado,L"]
[Result "1-0"]
[WhiteElo "2555"]
[BlackElo "2353"]

1.d4 d5 2.c4 c6 3.Nf3 Nf6 4.Nc3 e6 5.e3 Nbd7 6.Qc2 Bd6 7.Be2 O-O 8.O-O dxc4
9.Bxc4 a6 10.Rd1 b5 11.Be2 Qc7 12.e4 e5 13.Bg5 h6 14.dxe5 Bxe5 15.Nxe5 hxg5
16.Nxd7 Bxd7 17.Nd5 Nxd5 18.Rxd5 Qd8 19.Rd6 Qe7 20.Rad1 Ra7 21.Qc5 Rc7 22.Bf1 Rfc8
23.b4 Be6 24.a3 f6 25.Be2 Kf7 26.h3 g6 27.Bf3 Ra8 28.e5 fxe5 29.Qxe5 Bb3
30.Rf6+ Ke8 31.Re1 Qxe5 32.Rxe5+ Re7 33.Bxc6+  1-0

[Event "XXXIV Open"]
[Site "Barbera del Valles ESP"]
[Date "2011.07.05"]
[Round "2"]
[White "Hernandez Carmenates,Hold"]
[Black "Lorenzo de la Riva,L"]
[Result "1-0"]
[WhiteElo "2570"]
[BlackElo "2391"]

1.d4 Nf6 2.c4 e6 3.Nf3 d5 4.Nc3 c6 5.e3 a6 6.b3 Bb4 7.Bd2 Nbd7 8.Bd3 O-O
9.O-O Bd6 10.e4 dxc4 11.Bxc4 e5 12.Bg5 b5 13.Be2 h6 14.Bh4 g5 15.Bg3 Qe7
16.Qc2 c5 17.dxe5 Nxe5 18.Rad1 Nxf3+ 19.Bxf3 Bxg3 20.hxg3 g4 21.e5 gxf3 22.exf6 Qxf6
23.Nd5 Qg5 24.gxf3 Bb7 25.f4 Qg7 26.Ne7+ Kh8 27.Rd6 Rad8 28.Qxc5 Rxd6 29.Qxd6 Ra8
30.Nf5 Qg6 31.Qxg6 fxg6 32.Nxh6 a5 33.Nf7+ Kg7 34.Rd1 Rf8 35.Ng5 Rb8 36.Rd7+ Kg8
37.Rd6 Kg7 38.Rb6  1-0

[Event "XXXIV Open"]
[Site "Barbera del Valles ESP"]
[Date "2011.07.05"]
[Round "2"]
[White "Silva Rodriguez,F"]
[Black "Obon Temprano,S"]
[Result "0-1"]
[WhiteElo "2064"]
[BlackElo "2255"]

1.d4 d5 2.c4 c6 3.Nc3 Nf6 4.e3 e6 5.Nf3 Nbd7 6.Qc2 Bd6 7.Be2 dxc4 8.Bxc4 O-O
9.O-O Qe7 10.Bb3 e5 11.Bd2 h6 12.Nh4 Qd8 13.Nf5 Nb6 14.Nxd6 Qxd6 15.dxe5 Qxe5
16.e4 Ng4 17.g3 Qh5 18.h4 Ne5 19.f4 Nf3+ 20.Kg2 Nd4 21.Qd3 Rd8 22.Qe3 Bg4
23.Be1 Rd7 24.Bd1 Rad8 25.Bxg4 Qxg4 26.Qf2 Nc4 27.b3 Na3 28.Rc1 Nab5 29.Nxb5 Nxb5
30.Qf3 Qe6 31.f5 Qf6 32.Rf2 Re8 33.Rc4 Rd4 34.Rxd4 Qxd4 35.Re2 Qd1 36.Re3 Qd4
37.Re2 Qe5 38.Qd3 Qd4 39.Qf3 f6 40.a4 Nd6 41.Bc3 Qd1 42.Bb4 Nxe4 43.Qe3 Nd6
44.Rd2 Rxe3 45.Rxd1 Nxf5 46.Rd8+ Kh7 47.Bc5 Rxg3+ 48.Kf2 Rxb3 49.h5 Ng3 50.Bxa7 Nxh5
51.Rd7 Ra3 52.Rxb7 Rxa4 53.Rc7 Kg6 54.Bc5 Rc4 55.Bf8 f5 56.Ke3 Re4+ 57.Kf3 Re6
58.Kf2 f4 59.Kf3 Re3+ 60.Kg4 Nf6+ 61.Kh4 Ne8 62.Rxc6+ Kf5 63.Rc5+ Ke4 64.Rc4+ Kd3
65.Rc1 Ke2 66.Bc5 Re5 67.Bd4 Re4 68.Bc5 Nf6 69.Bf8 g5+ 70.Kh3 Re3+ 71.Kh2 Ng4+
72.Kh1 Nf2+  0-1

[Event "2nd Borloy Mem FSGM"]
[Site "Budapest HUN"]
[Date "2011.07.05"]
[Round "4.4"]
[White "Gavrilov,Al1"]
[Black "Balazs,G2"]
[Result "1/2-1/2"]
[WhiteElo "2481"]
[BlackElo "2383"]

1.d4 Nf6 2.c4 e6 3.Nf3 d5 4.Nc3 c6 5.e3 Nbd7 6.Qc2 Bd6 7.Bd3 dxc4 8.Bxc4 O-O
9.O-O a6 10.Rd1 b5 11.Bd3 Bb7 12.Ng5 h6 13.Nge4 Be7 14.a3 a5 15.Rb1 Qb6 16.b4 axb4
17.axb4 e5 18.Nxf6+ Bxf6 19.Ne4 exd4 20.Nxf6+ Nxf6 21.exd4 Bc8 22.Bf4 Be6
23.Be5 Nd7 24.Bd6 Rfe8 25.Rbc1 Bd5 26.Bh7+ Kh8 27.Bf5 Qd8 28.Bg3 Nb6 29.Re1 Nc4
30.h3 Qf6 31.Rxe8+ Rxe8 32.Rd1 Qe7 33.Qc3 Qg5 34.Bb1 Re2 35.Re1 Qe7 36.Rxe2 Qxe2
37.Qd3 Qxd3 38.Bxd3 f6 39.f3 Kg8 40.Kf2 Kf7 41.h4 Ke6 42.Bc7 Kd7 43.Bb8 Be6
44.g4 Nb6 45.Bf4 Nd5 46.Bd2 g5 47.Kg3 Kd6 48.Be4 Ne7 49.hxg5 hxg5 50.f4 gxf4+
51.Bxf4+ Kd7 52.Bf3 Bd5 53.Bd1 Be4 54.Bh6 Nd5 55.Bf8 Ke8 56.Bc5 Kf7 57.Bb3 Kg6
58.Bxd5  1/2-1/2

[Event "1st ch-CHN Rapid w Prelim"]
[Site "Hefei CHN"]
[Date "2011.07.05"]
[Round "8.4"]
[White "Tan Zhongyi"]
[Black "Li Xueyi"]
[Result "1-0"]
[WhiteElo "2396"]
[BlackElo "2082"]

1.d4 d5 2.c4 c6 3.Nf3 Nf6 4.Nc3 e6 5.e3 Nbd7 6.Qc2 Bd6 7.Bd3 dxc4 8.Bxc4 b5
9.Be2 Bb7 10.O-O O-O 11.Rd1 Qc7 12.e4 e5 13.Bg5 h6 14.dxe5 Bxe5 15.Nxe5 Qxe5
16.Be3 b4 17.Na4 Rfe8 18.f3 c5 19.Rac1 Rac8 20.Bb5 Bc6 21.Bxc6 Rxc6 22.b3 Rec8
23.Nb2 Qe7 24.Qf2 Ne5 25.Nc4 Nfd7 26.Nxe5 Nxe5 27.Bf4 c4 28.Bxe5 Qxe5 29.bxc4 Qa5
30.Rd4 Qa3 31.Qd2 Kh7 32.h3 Qa6 33.e5 Qa5 34.f4 Ra6 35.Rc2 Qc5 36.Kh2 Ra3
37.Rd5 Qe7 38.c5 Qh4 39.Rd3 Rxd3 40.Qxd3+ Kg8 41.Qf5 Rc6 42.Qe4 Rg6 43.c6 Qg3+
44.Kh1 b3 45.axb3  1-0

[Event "TCh-TUR 2011"]
[Site "Konya TUR"]
[Date "2011.07.05"]
[Round "9"]
[White "Nyzhnyk,I"]
[Black "Karakehajov,K"]
[Result "1/2-1/2"]
[WhiteElo "2583"]
[BlackElo "2493"]

1.d4 d5 2.c4 e6 3.Nf3 c6 4.e3 Nf6 5.Nc3 Nbd7 6.Bd3 Be7 7.O-O O-O 8.Qe2 b6
9.b3 Bb7 10.Bb2 Qc7 11.Rac1 Rad8 12.Rfe1 Rfe8 13.Nd2 Qb8 14.e4 e5 15.cxd5 cxd5
16.Nxd5 Bxd5 17.dxe5 Nxe5 18.Bxe5 Qxe5 19.exd5 Qxe2 20.Rxe2 Bb4  1/2-1/2

[Event "Naantalin Open"]
[Site "Naantali FIN"]
[Date "2011.07.05"]
[Round "3"]
[White "Rauramaa,J"]
[Black "Valkama,Eero"]
[Result "1/2-1/2"]
[WhiteElo "1904"]
[BlackElo "1737"]

1.d4 d5 2.c4 e6 3.Nc3 Nf6 4.Nf3 c6 5.e3 Be7 6.Bd3 Nbd7 7.O-O O-O 8.b3 b6
9.Bb2 Bb7 10.Rc1 c5 11.cxd5 Nxd5 12.Nxd5 Bxd5 13.Qe2 a5 14.Bb5 Rc8 15.Rfd1 Nf6
16.Ne5 Qc7 17.dxc5 bxc5 18.Bc4 Bd6 19.Bxd5 Nxd5 20.Nf3 Rfd8 21.h3 Qb6 22.Nd2 Bb8
23.Nc4 Qc7 24.g3 f6 25.Qg4 f5 26.Qf3 Nb4 27.Be5 Qa7 28.Bxb8 Rxb8 29.a3 Nd5
30.e4 Ne7 31.exf5 Nxf5 32.Qc3 Nd4 33.Qe3 Rd5 34.Rd3 Rf8 35.Rcd1 Rf3 36.Qe4 Rf8
37.Kg2 Qf7 38.f4  1/2-1/2

[Event "9th Niki Open"]
[Site "Nachod CZE"]
[Date "2011.07.05"]
[Round "4.46"]
[White "Kotva,M"]
[Black "Szucs,Matyas"]
[Result "1-0"]
[WhiteElo "2014"]
[BlackElo "1783"]

1.d4 d5 2.c4 e6 3.Nc3 c6 4.Nf3 Nf6 5.e3 Nbd7 6.Bd2 Bd6 7.Rc1 O-O 8.cxd5 exd5
9.Bd3 Re8 10.O-O Ne4 11.Ne2 Ndf6 12.h3 Bf5 13.Bc3 Qc8 14.Nf4 g5 15.Bxe4 dxe4
16.Nxg5 Bxf4 17.exf4 h6 18.d5 Nxd5 19.Qh5 Nxc3 20.Qxf7+ Kh8 21.Qf6+ Kg8 22.Rxc3 hxg5
23.Rc5 Rf8 24.Qxg5+ Kh8 25.Rd1 Bh7 26.Qe5+ Kg8 27.Qg5+ Kh8 28.Qe5+ Kg8 29.Qe7 Rf5
30.Rc3 Qf8 31.Qxb7 Rxf4 32.Rg3+ Kh8 33.Rd7 Bg8 34.Qxc6 Rc8 35.Rxg8+  1-0

[Event "9th Niki Open"]
[Site "Nachod CZE"]
[Date "2011.07.05"]
[Round "4.10"]
[White "Horak,Ji1"]
[Black "Hylkema,R"]
[Result "1-0"]
[WhiteElo "2256"]
[BlackElo "2039"]

1.d4 d5 2.c4 c6 3.Nc3 Nf6 4.e3 e6 5.Nf3 Nbd7 6.a3 b6 7.cxd5 exd5 8.Bd3 Bb7
9.O-O Be7 10.Ne5 O-O 11.f4 c5 12.Qf3 a6 13.Qh3 h6 14.Qf5 Nxe5 15.fxe5 Ne4
16.Nxe4 dxe4 17.Bxe4 Bxe4 18.Qxe4 f6 19.e6 f5 20.Rxf5 Rxf5 21.Qxf5 cxd4 22.Bd2 Qd6
23.Bb4  1-0

[Event "86th ch-Paris IdF"]
[Site "Paris FRA"]
[Date "2011.07.05"]
[Round "4.1"]
[White "Panchanathan,M"]
[Black "Arun Prasad,S"]
[Result "1-0"]
[WhiteElo "2556"]
[BlackElo "2489"]

1.Nf3 d5 2.d4 Nf6 3.c4 e6 4.Nc3 c6 5.e3 Nbd7 6.Qc2 Bd6 7.b3 O-O 8.Be2 b6
9.O-O Bb7 10.Bb2 Qe7 11.Rad1 Rfe8 12.Rfe1 Rad8 13.Bf1 e5 14.cxd5 e4 15.Ne5 cxd5
16.Nb5 Bb4 17.Nxd7 Rxd7 18.Bc3 a6 19.Qd2 Bxc3 20.Nxc3 Rc7 21.Na4 Nd7 22.Rc1 Rec8
23.Rxc7 Rxc7 24.Rc1 Rxc1 25.Qxc1 Qd6 26.Be2 g6 27.h3 Kf8 28.g3 Ke7 29.Kg2 h6
30.a3 Kd8 31.b4 Ke7 32.Bd1 Nf8 33.Qd2 Ne6 34.Qe2 Qc6 35.h4 Nc7 36.Qc2 Kd6
37.Nc3 Nb5 38.Nxb5+ axb5 39.Qd2 Bc8 40.Be2 Bd7 41.Kf1 h5 42.f3 exf3 43.Bxf3 Bg4
44.Bg2 Ke7 45.Kg1 Qd6 46.Qf2 Bd7 47.Qf3 Be6 48.Bf1 Qc7 49.Kh2 Qc2+ 50.Bg2 Qc6
51.Qf4 Qd6 52.Qg5+ Kf8 53.Qf6 Qc6 54.Qe5 Ke7 55.e4 dxe4 56.Bxe4 Qd6 57.Qg5+ f6
58.Qxg6 Qxd4 59.Bg2 Bg4 60.Qg7+ Kd6 61.Qb7 Ke5 62.Qc6 Bd7 63.Qc7+ Qd6 64.Qc2 Qe6
65.Qe2+ Kd4 66.Qxh5 Kc3 67.Qd5 Qe7 68.h5 Qg7 69.Qf3+ Kb2 70.Qe3 Qg4 71.h6 Bf5
72.Kg1 Bc2 73.Kf2 Qg6 74.Bf3 Qh7 75.g4 Qg6 76.Kg3 Ka2 77.Kh4 Kb2 78.Bd5 Kb1
79.Be6 Kb2 80.Kg3 Kb1 81.Qd2 Be4 82.Ba2+ Ka1 83.Bb3 Kb1 84.Qa2+ Kc1 85.Qa1+ Kd2
86.Qb2+ Ke3 87.Qf2+  1-0

[Event "WCh-IPCA Open A"]
[Site "Piestany SVK"]
[Date "2011.07.05"]
[Round "4"]
[White "Yarmonov,I"]
[Black "Marievsky,M"]
[Result "1-0"]
[WhiteElo "2322"]
[BlackElo "2048"]

1.d4 Nf6 2.Nf3 d5 3.c4 c6 4.Nc3 e6 5.e3 Be7 6.Bd3 dxc4 7.Bxc4 b5 8.Bd3 Bb7
9.O-O a6 10.a4 O-O 11.Ne4 Nbd7 12.Nxf6+ Nxf6 13.e4 h6 14.Qe2 b4 15.e5 Nd5
16.Qe4 f5 17.exf6 Rxf6 18.Qh7+  1-0

[Event "WCh-IPCA Open B"]
[Site "Piestany SVK"]
[Date "2011.07.05"]
[Round "5"]
[White "Stepanova,F"]
[Black "Curidlo,J"]
[Result "0-1"]
[WhiteElo "1451"]
[BlackElo "1845"]

1.d4 Nf6 2.c4 e6 3.Nc3 c6 4.Nf3 d5 5.e3 Be7 6.Be2 O-O 7.Qc2 Nbd7 8.c5 Re8
9.O-O h6 10.b3 b5 11.a3 Bb7 12.b4 Qc7 13.h3 e5 14.dxe5 Nxe5 15.Nd4 Bc8 16.f4 Nc4
17.Bxc4 dxc4 18.e4 a6 19.Nf3 a5 20.Be3 Bf8 21.Rad1 Be6 22.f5 Bxf5 23.exf5 Rxe3
24.Rfe1 Rae8 25.Re2 axb4 26.axb4 Rxe2 27.Nxe2 Nd5 28.Qb2 Be7 29.Ned4 Bf6
30.Qb1 Qd7 31.Re1 Bxd4+ 32.Nxd4 Rxe1+ 33.Qxe1 Nxb4 34.Nxb5  0-1

[Event "Lev Polugaevsky Mem"]
[Site "Samara RUS"]
[Date "2011.07.05"]
[Round "1"]
[White "Aleksandrov,A"]
[Black "Petrukhina,I"]
[Result "1-0"]
[WhiteElo "2609"]
[BlackElo "2148"]

1.d4 d5 2.c4 c6 3.Nc3 Nf6 4.e3 e6 5.Nf3 Nbd7 6.Qc2 Bd6 7.g4 h6 8.Rg1 dxc4
9.Bxc4 b5 10.Bd3 Bb7 11.h4 Rc8 12.g5 hxg5 13.hxg5 Nd5 14.Nxd5 cxd5 15.Qb3 b4
16.Bd2 Qb6 17.Qa4 Bc6 18.Qa6 Qc7 19.Bb5 Bxb5 20.Qxb5 Ke7 21.b3 Qc6 22.Qd3 Qc2
23.Ke2 Qxd3+ 24.Kxd3 Rc6 25.Ke2 Rhc8 26.Ne1 a5 27.Nd3 e5 28.dxe5 Nxe5 29.Nf4 Rc5
30.Rh1 Nc6 31.Nd3 Rc2 32.Kd1 Ne5 33.Ne1 R2c7 34.Rh7 Ng4 35.Ke2 Be5 36.Rd1 Bc3
37.Bxc3 bxc3 38.Nc2 g6 39.Rxd5 Rc5 40.Rxc5 Rxc5 41.f4 Rd5 42.Nd4 Rc5 43.Rh1 c2
44.Rc1 Rc3 45.Kf3 Nh2+ 46.Ke4 Nf1 47.Rxc2 Rxe3+ 48.Kd5 Kd7 49.Nc6 Rd3+ 50.Kc5 Ke6
51.Re2+ Kf5 52.Re7 Ne3 53.Rxf7+ Ke4 54.Nxa5 Nf5 55.Rf6 Rd5+ 56.Kb4 Rd6 57.Rxd6 Nxd6
58.Nc4 Nc8 59.Kc5 Kxf4 60.Nd6 Ne7  1-0

[Event "Lev Polugaevsky Mem"]
[Site "Samara RUS"]
[Date "2011.07.05"]
[Round "1"]
[White "Khismatullin,D"]
[Black "Hudyakov,S"]
[Result "1-0"]
[WhiteElo "2656"]
[BlackElo "2179"]

1.d4 d5 2.c4 c6 3.Nc3 Nf6 4.e3 e6 5.Nf3 Nbd7 6.Qc2 Bd6 7.Bd3 O-O 8.O-O dxc4
9.Bxc4 e5 10.h3 Qe7 11.Bb3 Bc7 12.Bd2 Kh8 13.Rae1 h6 14.Nh4 Re8 15.f4 e4
16.Nf5 Qf8 17.g4 Nb6 18.Ng3 Qe7 19.Qd1 Be6 20.Bc2 Bd5 21.h4 Qd7 22.b3 h5
23.Nxh5 Qxg4+ 24.Qxg4 Nxg4 25.Ng3 Nf6 26.h5 Nc8 27.Nxd5 cxd5 28.Rc1 Bd6 29.Bd1 Ne7
30.b4 Rec8 31.Bb3 Kh7 32.Kf2 a6 33.a3 Kh8 34.Ra1 Kh7 35.Rh1 b6 36.Ra2 Ra7
37.Bd1 Rac7 38.Be2 Ra7 39.Rb1 Raa8 40.Rbb2 Rc7 41.Ke1 Rcc8 42.Kd1 Rc7 43.Rc2 Rxc2
44.Kxc2 Ra7 45.Kb3 Ra8 46.Ra1 Ra7 47.Rc1 Ra8 48.a4 Ra7 49.Nh1 Kh6 50.Nf2 Kh7
51.Nh3 Ra8 52.Ng5+ Kg8 53.Be1 Ra7 54.Bd2 Ra8 55.Rg1 Kf8 56.Nh3 Nf5 57.Rg5 Ne7
58.Nf2 Ra7 59.Nd1 Nh7 60.Rg1 Nf6 61.Nc3 Ra8 62.Rc1 Ra7 63.Nb1 Ra8 64.Na3 Ke8
65.a5 b5 66.Nxb5 axb5 67.Bxb5+ Kd8 68.Be2 Bc7 69.Rg1 Ne8 70.Ka4 f6 71.Bb5 Nf5
72.Bc6 Ra7 73.Bxd5 Ned6 74.Rxg7 Nxg7 75.h6 Ne6 76.h7 Nf7 77.Bxe6 Nh8 78.Bf5 Ke7
79.b5 Kd8 80.Bb4 Ke8 81.a6 Ra8 82.Bxe4 Rd8 83.Bc5 Bb8 84.b6 Kd7 85.a7 Bd6
86.b7  1-0

[Event "XXXIV Open"]
[Site "Barbera del Valles ESP"]
[Date "2011.07.06"]
[Round "3"]
[White "Gonzalez Perez,A"]
[Black "Marmili,G"]
[Result "1-0"]
[WhiteElo "2490"]
[BlackElo "2165"]

1.d4 d5 2.c4 c6 3.Nc3 e6 4.e3 Nf6 5.Nf3 Nbd7 6.Qc2 Bd6 7.b3 O-O 8.Bb2 a6
9.Bd3 b5 10.O-O h6 11.e4 b4 12.Nxd5 exd5 13.e5 Be7 14.exf6 Nxf6 15.Rfe1 Bd6
16.Ne5 Bb7 17.c5 Bc7 18.a3 a5 19.axb4 axb4 20.Qd2 Rxa1 21.Rxa1 Bxe5 22.dxe5 Ne4
23.Qxb4 Bc8 24.Qd4 Ng5 25.b4 Ne6 26.Qe3 Qg5 27.Bc1 Qxe3 28.Bxe3 Bb7 29.Ra7 Rb8
30.f4 Nd8 31.Bf2 Ra8 32.Rxa8 Bxa8 33.Bh4 Ne6 34.f5 Nc7 35.Bd8 Nb5 36.Be7 Bb7
37.Kf2 Bc8 38.Ke3 Bd7 39.g4 g6 40.h4 gxf5 41.gxf5 Kg7 42.e6 Be8 43.f6+ Kg8
44.exf7+ Bxf7 45.Bxb5 cxb5 46.Kd4 Be6 47.c6 Kf7 48.Kc5 h5 49.Kxb5 d4 50.Bc5 d3
51.Be3 Kxf6 52.Bg5+ Kf7 53.Kc5  1-0

[Event "2nd Borloy Mem FSGM"]
[Site "Budapest HUN"]
[Date "2011.07.06"]
[Round "5.2"]
[White "Balazs,G2"]
[Black "Feher,Ad"]
[Result "1/2-1/2"]
[WhiteElo "2383"]
[BlackElo "2323"]

1.d4 d5 2.c4 e6 3.Nc3 c6 4.e3 Nf6 5.Nf3 Nbd7 6.Qc2 Bd6 7.b3 O-O 8.Be2 b6
9.Bb2 Bb7 10.O-O Qe7 11.Rad1 Rad8 12.Rfe1 Rfe8 13.Bf1 e5 14.dxe5 Nxe5 15.Nxe5 Bxe5
16.cxd5 cxd5 17.Bb5 Rf8 18.Ne2 Rc8 19.Qb1 Ne4 20.Bxe5 Qxe5 21.Bd3 h6 22.Rc1 Rfe8
23.Qa1 Qxa1 24.Rxa1 g6 25.Rac1 Nc5 26.Bb5 Red8 27.Nd4 a6 28.Be2 Kf8 29.f3 Ne6
30.Bd3 Nxd4 31.exd4 a5 32.Kf2 Rxc1 33.Rxc1 Ke7 34.Ke3 Kd6 35.h4 Rc8 36.Rxc8 Bxc8
37.Kf4 Be6 38.g4 Bd7 39.a3 Be6 40.g5 h5 41.Ke3 Bd7 42.Kd2 Bc6 43.Kc3 Bd7
44.b4 Kc7 45.Kb3 Be8 46.Bf1 Bd7 47.bxa5 bxa5 48.Bg2 Kd6 49.f4 Be8 50.Bh3 Bc6
51.f5 Be8 52.f6 Bc6 53.Bf1 Bd7 54.Bd3 Be8 55.Kc3 Bd7 56.Kd2 Be8 57.Ke3 Ke6
58.Kf4 Kd6 59.Bf1 Bd7 60.Ke3 Bc6 61.Kd2 Bd7 62.Bd3 Be8 63.Ke3  1/2-1/2

[Event "Karvina Open"]
[Site "Karvina CZE"]
[Date "2011.07.06"]
[Round "5"]
[White "Lys,J"]
[Black "Dmitrenko,V"]
[Result "0-1"]
[WhiteElo "2185"]
[BlackElo "2353"]

1.d4 d5 2.c4 e6 3.Nc3 Nf6 4.Nf3 c6 5.e3 Nbd7 6.Qc2 Bb4 7.Bd3 Qe7 8.O-O dxc4
9.Bxc4 O-O 10.a3 Bd6 11.Ne2 e5 12.Ng3 Bb8 13.Bd2 a5 14.b4 e4 15.Ng5 Nb6 16.Be2 Re8
17.bxa5 Nbd5 18.a6 b5 19.Bb4 Qc7 20.Rfc1 Rxa6 21.Bd2 h6 22.Nh3 Qa7 23.Qb2 Bd7
24.a4 Rxa4 25.Rxa4 bxa4 26.Qa3 Bc7 27.Bd1 Ra8 28.Ra1 Qb8 29.Qc1 Nb6 30.Bb4 Nfd5
31.Bc5 Qe8 32.Nf4 Nxf4 33.exf4 Nd5 34.Ne2 e3 35.Rxa4 Rxa4 36.Bxa4 Nxf4 37.Qf1 exf2+
38.Kxf2 Nd3+ 39.Kf3 Qe6 40.Qd1 Qf5+ 41.Ke3 Nxc5 42.dxc5 Qxc5+  0-1